[Event "Capablanca Memorial (Elite)"]
[Site "Varadero CUB"]
[Date "2016.06.18"]
[EventDate "2016.06.08"]
[Round "9"]
[Result "1/2-1/2"]
[White "Leinier Dominguez Perez"]
[Black "Yuriy Kryvoruchko"]
[WhiteElo "2723"]
[BlackElo "2682"]
[PlyCount "86"]

1. d4 Nf6 2. Nf3 d5 3. Bf4 e6 4. e3 c5 5. c3 Nc6 6. Nbd2 cxd4
7. exd4 Nh5 8. Be3 Bd6 9. Ne5 g6 10. Bb5 Qc7 11. O-O f6
12. Nef3 O-O 13. c4 a6 14. Ba4 dxc4 15. Nxc4 Ne7 16. Bb3 Nd5
17. Bh6 Rd8 18. Rc1 Qf7 19. Nxd6 Rxd6 20. Nd2 Ng7 21. Nc4 Rc6
22. Bxg7 Kxg7 23. Ne3 Nxe3 24. fxe3 Rxc1 25. Qxc1 Bd7 26. Qc7
Bc6 27. Qd6 Re8 28. Rc1 g5 29. e4 Qg6 30. Re1 Qf7 31. Kf2 f5
32. exf5 Qxf5+ 33. Kg1 Rf8 34. Qe5+ Qxe5 35. Rxe5 Rf4
36. Rxg5+ Kf6 37. Re5 Bd7 38. Rh5 Rxd4 39. Rxh7 Rd2 40. h4 Bc6
41. Rh6+ Kg7 42. Rxe6 Rxg2+ 43. Kf1 Rh2 1/2-1/2

[Event "Capablanca Memorial (Elite)"]
[Site "Varadero CUB"]
[Date "2016.06.19"]
[EventDate "2016.06.08"]
[Round "10"]
[Result "1/2-1/2"]
[White "Vassily Ivanchuk"]
[Black "Leinier Dominguez Perez"]
[WhiteElo "2710"]
[BlackElo "2723"]
[PlyCount "51"]

1. d4 d5 2. c4 e6 3. Nf3 Nf6 4. g3 Be7 5. Bg2 O-O 6. O-O dxc4
7. Qc2 a6 8. a4 Bd7 9. Qxc4 Bc6 10. Bf4 Bd6 11. Nc3 Bxf4
12. gxf4 a5 13. e3 Na6 14. Rac1 Nb4 15. Rfd1 Ra6 16. Qe2 Nbd5
17. Nb5 Ne7 18. Nd2 Bxg2 19. Kxg2 Nfd5 20. Nc4 Ng6 21. Kh1 Qe7
22. b3 Rd8 23. Rd2 Raa8 24. Rdc2 Nb4 25. Rd2 Nd5 26. Rdc2
1/2-1/2

[Event "Ajedrez UNAM Cuadrangular"]
[Site "Mexico City MEX"]
[Date "2016.10.30"]
[EventDate "2016.10.29"]
[Round "1.1"]
[Result "1/2-1/2"]
[White "Leinier Dominguez Perez"]
[Black "Julio Ernesto Granda Zuniga"]
[WhiteElo "2736"]
[BlackElo "2648"]
[PlyCount "75"]

1. e4 e5 2. Nf3 Nc6 3. Bb5 a6 4. Ba4 Nf6 5. O-O b5 6. Bb3 Bb7
7. d3 Be7 8. Re1 O-O 9. Nbd2 d6 10. a3 Na5 11. Ba2 c5 12. Nf1
Bc8 13. Bg5 Be6 14. Ne3 Bxa2 15. Rxa2 Nd7 16. Bxe7 Qxe7 17. c3
Nb6 18. b4 Nc6 19. Nd5 Qb7 20. Nxb6 Qxb6 21. Qb3 Rac8 22. h3
Rc7 23. Rb1 Rfc8 24. a4 cxb4 25. cxb4 Nd4 26. Nxd4 Qxd4
27. axb5 axb5 28. Qd5 Qxd5 29. exd5 Rc3 30. Ra6 Rxd3 31. Rxd6
g6 32. Re1 Rc2 33. Rc6 Rb2 34. d6 Rxb4 35. Rxe5 Rbd4 36. Rxb5
Rxd6 37. Rxd6 Rxd6 38. Rc5 1/2-1/2

[Event "Ajedrez UNAM Cuadrangular"]
[Site "Mexico City MEX"]
[Date "2016.10.30"]
[EventDate "2016.10.29"]
[Round "2.1"]
[Result "0-1"]
[White "Gilberto Hernandez Guerrero"]
[Black "Leinier Dominguez Perez"]
[WhiteElo "2498"]
[BlackElo "2736"]
[PlyCount "62"]

1. e4 e5 2. Nf3 Nc6 3. Bb5 Nf6 4. d3 d6 5. c3 Be7 6. O-O O-O
7. Re1 a6 8. Bxc6 bxc6 9. d4 exd4 10. cxd4 d5 11. e5 Ne4
12. Nbd2 Bf5 13. Nf1 c5 14. Ne3 Be6 15. b3 Qd7 16. Bb2 cxd4
17. Nxd4 c5 18. Nxe6 fxe6 19. f3 Ng5 20. Rc1 Qb7 21. Ng4 d4
22. Nf2 Rxf3 23. gxf3 Nxf3+ 24. Kf1 Nxh2+ 25. Kg1 Nf3+ 26. Kf1
Rf8 27. Qd3 Nxe1 28. Kxe1 Bh4 29. Rc2 Qh1+ 30. Qf1 Qe4+
31. Kd1 Qxc2+ 0-1

[Event "Ajedrez UNAM Cuadrangular"]
[Site "Mexico City MEX"]
[Date "2016.10.30"]
[EventDate "2016.10.29"]
[Round "2.2"]
[Result "1-0"]
[White "Leinier Dominguez Perez"]
[Black "Gilberto Hernandez Guerrero"]
[WhiteElo "2736"]
[BlackElo "2498"]
[PlyCount "101"]

1. e4 c5 2. Nf3 e6 3. d4 cxd4 4. Nxd4 Nc6 5. Nc3 Qc7 6. Be3
Nf6 7. Qd2 Bb4 8. f3 Nxd4 9. Qxd4 Bxc3+ 10. bxc3 O-O 11. c4 d6
12. O-O-O Qa5 13. Qxd6 Qxa2 14. Bd3 a5 15. Kd2 Ra6 16. Qd4 Qa4
17. c5 Qxd4 18. Bxd4 Ra8 19. Rb1 Rd8 20. Be5 Ne8 21. Rb5 f6
22. Bc3 a4 23. Ra1 Nc7 24. Rb4 Na6 25. Rbxa4 Bd7 26. Ra5 Bc6
27. Ke3 Kf7 28. Bxa6 Rxa6 29. Rxa6 bxa6 30. Rxa6 Rc8 31. Ra7+
Kg6 32. g4 e5 33. h4 h6 34. h5+ Kh7 35. f4 exf4+ 36. Kxf4 Kg8
37. e5 fxe5+ 38. Bxe5 Rf8+ 39. Ke3 Rf7 40. Ra6 Rf3+ 41. Kd4
Bd7 42. Rg6 Rf7 43. c6 Bc8 44. c7 Rd7+ 45. Ke3 Kf8 46. Rb6 Re7
47. Kf4 Ke8 48. c3 Rf7+ 49. Ke3 Kd7 50. Rd6+ Ke7 51. Rd8 1-0

[Event "World Blitz Championship"]
[Site "Doha QAT"]
[Date "2016.12.29"]
[EventDate "2016.12.29"]
[Round "1.10"]
[Result "0-1"]
[White "Falko Bindrich"]
[Black "Leinier Dominguez Perez"]
[WhiteElo "2590"]
[BlackElo "2739"]
[PlyCount "88"]

1. d4 d5 2. c4 dxc4 3. e3 e6 4. Bxc4 Nf6 5. Nf3 a6 6. O-O c5
7. dxc5 Bxc5 8. Qxd8+ Kxd8 9. Nbd2 Ke7 10. Be2 Bd7 11. b3 Bb5
12. Nc4 Nc6 13. Bb2 Rhd8 14. Rac1 Kf8 15. a4 Bxc4 16. Bxc4 Be7
17. Ne5 Na5 18. Bc3 Nxc4 19. Nxc4 Nd5 20. Ba5 Rdc8 21. e4 Nb4
22. e5 b5 23. Nb6 Rxc1 24. Rxc1 Rd8 25. g3 Nd3 26. Rc7 Nxe5
27. Ra7 bxa4 28. bxa4 g5 29. Rxa6 Rd1+ 30. Kg2 Rc1 31. Ra8+
Kg7 32. Rc8 Rb1 33. Bc3 Bf6 34. a5 g4 35. Bxe5 Bxe5 36. Rc5
Bd4 37. Rc4 e5 38. Na4 Rb5 39. a6 Ra5 40. Nc5 Bxc5 41. Rxg4+
Kf6 42. Rh4 Ra2 43. Rxh7 Kg6 44. Rh4 Rxf2+ 0-1

[Event "World Blitz Championship"]
[Site "Doha QAT"]
[Date "2016.12.29"]
[EventDate "2016.12.29"]
[Round "2.6"]
[Result "1-0"]
[White "Leinier Dominguez Perez"]
[Black "Laurent Fressinet"]
[WhiteElo "2739"]
[BlackElo "2672"]
[PlyCount "91"]

1. e4 e5 2. Nf3 Nc6 3. d4 exd4 4. Nxd4 Bc5 5. Nb3 Bb6 6. Nc3
Nf6 7. Bg5 h6 8. Bh4 Qe7 9. Bc4 g5 10. Bg3 d6 11. Qe2 Bd7
12. O-O-O O-O-O 13. Rhe1 Ne5 14. Nd4 Rhe8 15. Bb3 Kb8 16. Kb1
Ba5 17. Qe3 Neg4 18. Qd3 Ne5 19. Qe3 Neg4 20. Qd3 Ne5 21. Qd2
Nh5 22. f3 Qf6 23. a3 Nf4 24. Bxf4 gxf4 25. Nde2 Ng6 26. Qd5
Bxc3 27. Nxc3 Be6 28. Qd2 Qg5 29. Qf2 a6 30. Rd2 Ne5 31. Red1
Rg8 32. Bd5 Rg6 33. Qd4 Rdg8 34. Qb4 Bc8 35. Bc4 Ka7 36. Nd5
Qd8 37. Bf1 R6g7 38. Nxf4 Qh4 39. Nd5 f5 40. exf5 Qxb4
41. axb4 Bxf5 42. f4 Nc6 43. g3 Be4 44. Bg2 Re8 45. Nf6 Bxg2
46. Nxe8 1-0

[Event "World Blitz Championship"]
[Site "Doha QAT"]
[Date "2016.12.29"]
[EventDate "2016.12.29"]
[Round "3.4"]
[Result "0-1"]
[White "Zdenko Kozul"]
[Black "Leinier Dominguez Perez"]
[WhiteElo "2613"]
[BlackElo "2739"]
[PlyCount "70"]

1. Nf3 c5 2. g3 g6 3. Bg2 Bg7 4. O-O Nc6 5. c3 e5 6. e4 Nge7
7. d3 O-O 8. a3 d6 9. b4 b6 10. b5 Na5 11. c4 h6 12. a4 Be6
13. Bd2 f5 14. Bxa5 bxa5 15. Nbd2 f4 16. Nb3 g5 17. Re1 Ng6
18. Nfd2 g4 19. Nb1 h5 20. Nc3 h4 21. Nd5 Rf7 22. Qd2 Qg5
23. Ra2 Raf8 24. Nxa5 Bh6 25. Nc6 Qh5 26. gxf4 exf4 27. f3
gxf3 28. Qd1 Bg4 29. Bh3 f2+ 30. Rxf2 Bxd1 31. Be6 Kh8 32. a5
Rg7 33. Kf1 Bg4 34. Bf5 Rxf5 35. exf5 Bh3+ 0-1

[Event "World Blitz Championship"]
[Site "Doha QAT"]
[Date "2016.12.29"]
[EventDate "2016.12.29"]
[Round "6.10"]
[Result "0-1"]
[White "Leinier Dominguez Perez"]
[Black "Radoslaw Wojtaszek"]
[WhiteElo "2739"]
[BlackElo "2749"]
[PlyCount "102"]

1. e4 c5 2. Nf3 d6 3. d4 cxd4 4. Nxd4 Nf6 5. Nc3 a6 6. Bg5
Nbd7 7. Bc4 Qb6 8. Bb3 e6 9. Qd2 Be7 10. O-O-O Nc5 11. Rhe1 h6
12. Bh4 O-O 13. g3 Qc7 14. f4 b5 15. e5 dxe5 16. fxe5 Nh7
17. Bxe7 Qxe7 18. Nc6 Qc7 19. Qd6 Qxd6 20. Rxd6 Bb7 21. Ne4
Nxe4 22. Rxe4 Rfe8 23. Re3 Nf8 24. a4 Bxc6 25. Rxc6 Ng6 26. c3
Rec8 27. Rxc8+ Rxc8 28. axb5 axb5 29. Bc2 Ne7 30. Be4 b4
31. Kc2 Kf8 32. Kb3 bxc3 33. Rxc3 Rb8+ 34. Ka3 Rb5 35. b4 Rxe5
36. Rc4 f5 37. Bb7 g5 38. Ka4 Re1 39. b5 Ra1+ 40. Kb4 e5
41. b6 e4 42. Rc3 Ke8 43. Kc5 Kd7 44. Kb5 Kd6 45. Rc2 e3
46. Bf3 Rb1+ 47. Ka6 Nd5 48. Bxd5 Kxd5 49. b7 f4 50. gxf4 gxf4
51. Rc7 e2 0-1

[Event "World Blitz Championship"]
[Site "Doha QAT"]
[Date "2016.12.29"]
[EventDate "2016.12.29"]
[Round "7.16"]
[Result "1/2-1/2"]
[White "Arkadij Naiditsch"]
[Black "Leinier Dominguez Perez"]
[WhiteElo "2687"]
[BlackElo "2739"]
[PlyCount "101"]

1. e4 e5 2. Nf3 Nc6 3. Nc3 Nf6 4. Bb5 Nd4 5. Nxd4 exd4 6. Nd5
Nxd5 7. exd5 Qe7+ 8. Qe2 Qxe2+ 9. Bxe2 Bc5 10. d3 d6 11. Bd2
O-O 12. b4 Bb6 13. a4 a5 14. b5 Re8 15. Kd1 Bd7 16. f4 Bc5
17. Bf3 b6 18. Rb1 f5 19. Re1 Kf7 20. Re2 g6 21. Ke1 Rxe2+
22. Kxe2 Re8+ 23. Kf2 Kf6 24. Re1 Rxe1 25. Kxe1 h6 26. g3 h5
27. Kd1 Be8 28. Kc1 Ke7 29. Kb2 Bf7 30. Kb3 Bg8 31. Be1 Bf7
32. Bf2 Bb4 33. Bxd4 Bc5 34. Kc4 Bxd4 35. Kxd4 Kf6 36. Ke3 Ke7
37. Kf2 Kf6 38. Kg2 Be8 39. c4 Bf7 40. Kh3 Be8 41. Kh4 Bd7
42. h3 Be8 43. g4 hxg4 44. hxg4 Bd7 45. Bd1 Bc8 46. Kg3 g5
47. d4 Bd7 48. Be2 Bc8 49. Bd1 Bd7 50. Be2 Bc8 51. Bd1 1/2-1/2

[Event "World Blitz Championship"]
[Site "Doha QAT"]
[Date "2016.12.29"]
[EventDate "2016.12.29"]
[Round "8.14"]
[Result "1-0"]
[White "Leinier Dominguez Perez"]
[Black "Vladimir Onischuk"]
[WhiteElo "2739"]
[BlackElo "2601"]
[PlyCount "69"]

1. e4 d6 2. d4 Nf6 3. Nc3 g6 4. Be3 a6 5. h3 b5 6. e5 Nfd7
7. f4 Bb7 8. Nf3 Nb6 9. Bd3 Bg7 10. Qe2 Nc6 11. a3 e6 12. Ne4
Ne7 13. O-O Ned5 14. Bd2 O-O 15. b3 f5 16. exf6 Nxf6 17. Neg5
Re8 18. Nxe6 Qd7 19. f5 Bd5 20. Rae1 Nh5 21. Kh2 Re7 22. c4
bxc4 23. bxc4 Bxf3 24. Qxf3 Rae8 25. fxg6 Rxe6 26. Qxh5 h6
27. Rf7 Rxe1 28. Rxd7 Nxd7 29. Bxe1 Rxe1 30. Qd5+ Kh8 31. Be4
Nf8 32. Qf5 Rd1 33. Bd5 Rxd4 34. Qf7 Be5+ 35. Kg1 1-0

[Event "World Blitz Championship"]
[Site "Doha QAT"]
[Date "2016.12.29"]
[EventDate "2016.12.29"]
[Round "9.12"]
[Result "0-1"]
[White "Hristos Banikas"]
[Black "Leinier Dominguez Perez"]
[WhiteElo "2568"]
[BlackElo "2739"]
[PlyCount "78"]

1. Nf3 c5 2. g3 g6 3. Bg2 Bg7 4. O-O Nc6 5. c3 e5 6. d3 Nge7
7. a3 O-O 8. b4 b6 9. Bb2 d5 10. bxc5 bxc5 11. Nbd2 Rb8
12. Rb1 h6 13. c4 Rxb2 14. Rxb2 e4 15. dxe4 dxe4 16. Rb5 exf3
17. Nxf3 Nd4 18. Nxd4 cxd4 19. c5 Qc7 20. c6 Re8 21. Re1 Nf5
22. Qd2 h5 23. Bf3 h4 24. Qa5 Qe7 25. Rd1 Be5 26. c7 hxg3
27. hxg3 Qxc7 28. Qxc7 Bxc7 29. g4 Nh4 30. Rxd4 Bb6 31. Rdb4
Ba6 32. Rxb6 axb6 33. Rxb6 Bxe2 34. Bc6 Rd8 35. a4 Bf3 36. a5
Bxc6 37. Rxc6 Rd4 38. Kh2 Rxg4 39. a6 Ra4 0-1

[Event "World Blitz Championship"]
[Site "Doha QAT"]
[Date "2016.12.29"]
[EventDate "2016.12.29"]
[Round "10.8"]
[Result "1/2-1/2"]
[White "Leinier Dominguez Perez"]
[Black "Vassily Ivanchuk"]
[WhiteElo "2739"]
[BlackElo "2747"]
[PlyCount "92"]

1. e4 e6 2. d4 d5 3. Nc3 Bb4 4. e5 c5 5. dxc5 Ne7 6. Nf3 Nd7
7. Bd3 Nxc5 8. O-O Nxd3 9. cxd3 Bd7 10. Ne2 Nc6 11. d4 Be7
12. Nf4 h5 13. Nh3 Qb6 14. Bg5 f6 15. Be3 Bd8 16. Nf4 Ne7
17. Nh4 Kf7 18. Nxh5 Bc7 19. Qg4 Rag8 20. Nf3 Nf5 21. Ng3 Nh6
22. Bxh6 Rxh6 23. Rfe1 Rgh8 24. h3 Bd8 25. Qf4 Kg8 26. Rac1 f5
27. Qe3 Kf7 28. Rc3 Be7 29. Rec1 Bc6 30. Rb3 Qa6 31. a3 Ke8
32. Ne2 Kd7 33. Rbc3 g5 34. Nxg5 Bxg5 35. Qxg5 Qxe2 36. Qg7+
Kd8 37. Rxc6 bxc6 38. Rxc6 Qe1+ 39. Kh2 Rxh3+ 40. gxh3 Qxf2+
41. Qg2 Qxd4 42. Rxe6 Qf4+ 43. Qg3 Qd2+ 44. Qg2 Qf4+ 45. Qg3
Qd2+ 46. Qg2 Qf4+ 1/2-1/2

[Event "World Blitz Championship"]
[Site "Doha QAT"]
[Date "2016.12.29"]
[EventDate "2016.12.29"]
[Round "11.6"]
[Result "1/2-1/2"]
[White "Alexander Morozevich"]
[Black "Leinier Dominguez Perez"]
[WhiteElo "2676"]
[BlackElo "2739"]
[PlyCount "90"]

1. e4 e5 2. Nf3 Nc6 3. d4 exd4 4. Nxd4 Nf6 5. Nxc6 bxc6 6. e5
Qe7 7. Qe2 Nd5 8. h4 a5 9. c4 Nb6 10. g3 a4 11. Nd2 Ba6 12. b3
Bb7 13. Bb2 axb3 14. axb3 Rxa1+ 15. Bxa1 Qa3 16. Qd1 Bb4
17. Bd3 Qa2 18. Ke2 O-O 19. Qc2 Qxc2 20. Bxc2 d6 21. exd6 Re8+
22. Kd3 cxd6 23. Bc3 c5 24. Ra1 Bxc3 25. Kxc3 Ra8 26. Rxa8+
Bxa8 27. Be4 Bxe4 28. Nxe4 Nc8 29. b4 cxb4+ 30. Kxb4 Kf8
31. Kb5 Ke7 32. Kc6 f5 33. Nc3 Ke6 34. Nd5 Ne7+ 35. Nxe7 Kxe7
36. Kd5 Kd7 37. h5 Ke7 38. f4 Kd7 39. c5 dxc5 40. Kxc5 Ke6
41. Kc6 g6 42. hxg6 hxg6 43. Kc5 Kf6 44. Kd6 g5 45. Kd7 gxf4
1/2-1/2

[Event "World Blitz Championship"]
[Site "Doha QAT"]
[Date "2016.12.29"]
[EventDate "2016.12.29"]
[Round "12.8"]
[Result "1-0"]
[White "Leinier Dominguez Perez"]
[Black "Olexandr Bortnyk"]
[WhiteElo "2739"]
[BlackElo "2581"]
[PlyCount "71"]

1. e4 d6 2. d4 Nf6 3. Nc3 Nbd7 4. Nf3 e5 5. Bc4 Be7 6. O-O O-O
7. a4 a5 8. Re1 b6 9. Nd5 Nxd5 10. Bxd5 Rb8 11. c3 Bf6 12. Be3
Bb7 13. Bxb7 Rxb7 14. Qc2 Re8 15. Rad1 Qc8 16. h3 b5 17. axb5
Rxb5 18. Bc1 Qb7 19. Nh2 exd4 20. cxd4 c5 21. Nf3 g6 22. Re2
cxd4 23. Nxd4 Rb4 24. Nc6 Rb6 25. Nxa5 Qa6 26. Nc4 Rc8 27. b3
Ne5 28. Bb2 Nxc4 29. Bxf6 Ne5 30. Qd2 Nd7 31. Bd4 Rxb3 32. Qh6
Ne5 33. Red2 f6 34. Bxe5 fxe5 35. Rxd6 Qb7 36. Rd7 1-0

[Event "World Blitz Championship"]
[Site "Doha QAT"]
[Date "2016.12.30"]
[EventDate "2016.12.29"]
[Round "13.6"]
[Result "0-1"]
[White "A R Saleh Salem"]
[Black "Leinier Dominguez Perez"]
[WhiteElo "2656"]
[BlackElo "2739"]
[PlyCount "78"]

1. d4 d5 2. c4 dxc4 3. Nf3 Nf6 4. e3 e6 5. Bxc4 a6 6. Bb3 c5
7. O-O Be7 8. Qe2 cxd4 9. exd4 Nc6 10. Rd1 O-O 11. Nc3 Na5
12. Bc2 b5 13. Bg5 Bb7 14. d5 exd5 15. Nd4 g6 16. Re1 Re8
17. Rad1 Ne4 18. Bxe7 Qxe7 19. f3 Nxc3 20. Qxe7 Rxe7 21. Rxe7
Nxd1 22. Bxd1 Kf8 23. Rc7 Rc8 24. Rxc8+ Bxc8 25. b3 Ke7
26. Kf2 Kd6 27. Ke3 b4 28. h4 Nc6 29. Nxc6 Kxc6 30. Kd4 Bf5
31. g4 Bb1 32. f4 Kd6 33. g5 a5 34. h5 Bxa2 35. h6 Bb1 36. Be2
Bc2 37. Bb5 Bxb3 38. Be8 Ke7 39. Bb5 a4 0-1

[Event "World Blitz Championship"]
[Site "Doha QAT"]
[Date "2016.12.30"]
[EventDate "2016.12.29"]
[Round "14.2"]
[Result "1/2-1/2"]
[White "Leinier Dominguez Perez"]
[Black "Sergey Karjakin"]
[WhiteElo "2739"]
[BlackElo "2785"]
[PlyCount "98"]

1. e4 e5 2. Nf3 Nc6 3. Bb5 Nf6 4. O-O Nxe4 5. Re1 Nd6 6. Nxe5
Be7 7. Bf1 Nxe5 8. Rxe5 O-O 9. d4 Bf6 10. Re1 Re8 11. c3 Rxe1
12. Qxe1 Ne8 13. Bd3 d5 14. Bf4 g6 15. Nd2 Ng7 16. Qe2 c6
17. Re1 Bf5 18. Bxf5 Nxf5 19. Nb3 b6 20. Nc1 Qd7 21. Nd3 Ng7
22. Be5 Re8 23. Qf3 Bxe5 24. Rxe5 Rxe5 25. Nxe5 Qe6 26. Kf1
Nf5 27. g3 c5 28. Qd3 cxd4 29. cxd4 h5 30. h4 Kg7 31. Nf3 Qe4
32. Qxe4 dxe4 33. Ng5 Nxd4 34. Nxe4 f5 35. Nc3 Kf6 36. Nd5+
Ke5 37. Nf4 Kf6 38. Ke1 Ne6 39. Nxe6 Kxe6 40. Kd2 f4 41. Ke2
Kf5 42. Kf3 fxg3 43. fxg3 b5 44. b4 g5 45. hxg5 Kxg5 46. Kf2
Kf5 47. Kf3 Ke5 48. Ke3 a6 49. a3 Kf5 1/2-1/2

[Event "World Blitz Championship"]
[Site "Doha QAT"]
[Date "2016.12.30"]
[EventDate "2016.12.29"]
[Round "15.3"]
[Result "0-1"]
[White "Marin Bosiocic"]
[Black "Leinier Dominguez Perez"]
[WhiteElo "2591"]
[BlackElo "2739"]
[PlyCount "58"]

1. e4 c5 2. Nf3 d6 3. d4 cxd4 4. Nxd4 Nf6 5. Nc3 a6 6. Bg5
Nbd7 7. Qe2 e6 8. O-O-O Qc7 9. f4 b5 10. a3 Be7 11. g4 h6
12. Bxf6 Bxf6 13. Bg2 Rb8 14. h4 b4 15. axb4 Rxb4 16. e5 dxe5
17. Nc6 Rxf4 18. g5 hxg5 19. Ne4 Rhxh4 20. Rxh4 Rxh4 21. Qd2
Kf8 22. Nd6 Nc5 23. Qc3 Nb7 24. Ne4 Be7 25. Rf1 Rf4 26. Rh1
Rh4 27. Rf1 Nd6 28. Nc5 Nf5 29. Nxe5 Qxc5 0-1

[Event "World Blitz Championship"]
[Site "Doha QAT"]
[Date "2016.12.30"]
[EventDate "2016.12.29"]
[Round "17.6"]
[Result "0-1"]
[White "Leinier Dominguez Perez"]
[Black "Baadur Aleksandrovich Jobava"]
[WhiteElo "2739"]
[BlackElo "2702"]
[PlyCount "106"]

1. e4 e5 2. Nf3 Nf6 3. Nxe5 d5 4. exd5 Qxd5 5. d4 Nc6 6. Nc3
Qxd4 7. Nxc6 Qxd1+ 8. Nxd1 bxc6 9. Ne3 Bc5 10. g3 O-O 11. Bg2
Ba6 12. Bd2 Rae8 13. Bxc6 Re6 14. Bf3 Ne4 15. Bxe4 Rxe4
16. O-O-O Be2 17. Rde1 Bf3 18. Rhg1 f6 19. Nd1 Ra4 20. Be3 Bb4
21. c3 Bd6 22. a3 a6 23. Bd2 g5 24. Ne3 Rb8 25. Nc2 Kf7
26. Nd4 Bd5 27. f4 g4 28. Nc2 h5 29. Re2 Bf3 30. Ree1 h4
31. gxh4 Rh8 32. Nd4 Rxd4 33. cxd4 Rxh4 34. Kc2 Rxh2 35. Kd3
f5 36. Bc1 Rh3 37. Kc2 Bd5 38. Bd2 Rh2 39. Kc1 c6 40. Ref1 Be4
41. Re1 Bd5 42. Ref1 Kf6 43. Bb4 Bc7 44. Bc3 Kg6 45. Kd1 Be4
46. Bd2 Kh5 47. Rg3 Bb6 48. Rb3 Bxd4 49. Rb8 g3 50. Rg8 g2
51. Re1 Rh1 52. Ke2 Rxe1+ 53. Bxe1 g1=Q 0-1

[Event "World Blitz Championship"]
[Site "Doha QAT"]
[Date "2016.12.30"]
[EventDate "2016.12.29"]
[Round "19.6"]
[Result "0-1"]
[White "Maxim Matlakov"]
[Black "Leinier Dominguez Perez"]
[WhiteElo "2694"]
[BlackElo "2739"]
[PlyCount "124"]

1. Nf3 Nf6 2. g3 c5 3. c4 Nc6 4. Nc3 d5 5. cxd5 Nxd5 6. Bg2 g6
7. Ng5 e6 8. d3 Bg7 9. Nge4 b6 10. Qa4 Bb7 11. Bg5 f6 12. Bf4
Nxf4 13. Nxf6+ Kf7 14. gxf4 Bxf6 15. Bxc6 Bxc3+ 16. bxc3 Qf6
17. Kf1 Bxc6 18. Qxc6 Qxf4 19. h4 Rae8 20. Rh3 Kg7 21. Rf3 Qh2
22. Qb7+ Kh6 23. Rf7 Ref8 24. e3 Qd6 25. Rxf8 Rxf8 26. Ke2 Qe5
27. Qe7 Rf5 28. d4 Qe4 29. Rf1 cxd4 30. cxd4 Qc2+ 31. Ke1 Qc1+
32. Ke2 Qc2+ 33. Ke1 Qb1+ 34. Ke2 Qxa2+ 35. Ke1 Qb1+ 36. Ke2
Qc2+ 37. Ke1 Qc3+ 38. Ke2 Qc4+ 39. Ke1 Qb5 40. h5 Qb1+ 41. Ke2
Qc2+ 42. Ke1 Qc3+ 43. Ke2 Qc4+ 44. Ke1 g5 45. Qe8 Qc1+ 46. Ke2
Qc2+ 47. Ke1 Qc1+ 48. Ke2 Qc4+ 49. Ke1 a5 50. e4 Qc1+ 51. Ke2
Qc2+ 52. Ke3 Qc3+ 53. Ke2 Qc4+ 54. Ke1 Rf3 55. Qe7 Qc3+
56. Ke2 Qd3+ 57. Ke1 Qxe4+ 58. Kd2 Qxd4+ 59. Ke2 Qe4+ 60. Kd2
Rd3+ 61. Kc1 Qc4+ 62. Kb2 Rb3+ 0-1

[Event "World Blitz Championship"]
[Site "Doha QAT"]
[Date "2016.12.30"]
[EventDate "2016.12.29"]
[Round "21.3"]
[Result "1/2-1/2"]
[White "Leinier Dominguez Perez"]
[Black "Alexander Grischuk"]
[WhiteElo "2739"]
[BlackElo "2737"]
[PlyCount "27"]

1. e4 e5 2. Nf3 Nc6 3. Bb5 a6 4. Ba4 g6 5. c3 Bg7 6. O-O Nge7
7. d4 b5 8. Bc2 exd4 9. cxd4 d6 10. d5 Na5 11. Nbd2 O-O
12. Rb1 c6 13. dxc6 Naxc6 14. a3 1/2-1/2

[Event "PRO Chess League (Atlantic)"]
[Site "chess.com INT"]
[Date "2017.01.11"]
[EventDate "2017.01.11"]
[Round "1"]
[Result "0-1"]
[White "Carlos Andres Perdomo"]
[Black "Leinier Dominguez Perez"]
[WhiteElo "2299"]
[BlackElo "2739"]
[PlyCount "74"]

1. c4 g6 2. d4 Nf6 3. Nf3 Bg7 4. Nc3 O-O 5. g3 c5 6. Bg2 cxd4
7. Nxd4 Nc6 8. O-O Qa5 9. e3 d6 10. Qd2 Qh5 11. Nxc6 bxc6
12. Bxc6 Bh3 13. Bg2 Bxg2 14. Kxg2 Ng4 15. h3 Ne5 16. Qd5 e6
17. Qd1 Qxd1 18. Nxd1 Nxc4 19. Rb1 Rfc8 20. b3 Ne5 21. Ba3 d5
22. Rb2 a5 23. Bd6 a4 24. Rd2 axb3 25. axb3 Nd7 26. Nb2 Nf6
27. f3 Rc3 28. Rd3 Rc2+ 29. Rf2 Rxf2+ 30. Kxf2 Ne8 31. Nc4
dxc4 32. bxc4 Rd8 33. c5 Bf8 34. e4 Nxd6 35. cxd6 Bxd6 36. Ke2
Bc7 37. Rxd8+ Bxd8 0-1

[Event "PRO Chess League (Atlantic)"]
[Site "chess.com INT"]
[Date "2017.01.11"]
[EventDate "2017.01.11"]
[Round "1"]
[Result "1-0"]
[White "Gadir Guseinov"]
[Black "Leinier Dominguez Perez"]
[WhiteElo "2643"]
[BlackElo "2739"]
[PlyCount "89"]

1. e4 e5 2. Nf3 Nc6 3. Bb5 a6 4. Bxc6 dxc6 5. O-O Be6 6. Nxe5
Qd4 7. Nf3 Qxe4 8. Ng5 Qf5 9. Nxe6 fxe6 10. Qe2 Nf6 11. d3
O-O-O 12. Nc3 Bc5 13. Bd2 Bd4 14. Rae1 Rhe8 15. Be3 e5 16. f3
g5 17. Kh1 h5 18. Ne4 Nh7 19. c3 Bxe3 20. Qxe3 b6 21. a4 Rd5
22. b4 Red8 23. Nf2 Nf6 24. c4 Rd4 25. Qxe5 Qxe5 26. Rxe5 g4
27. Rf5 R8d6 28. Kg1 Re6 29. g3 gxf3 30. Rxf3 Ng4 31. Nxg4
hxg4 32. Rf4 Rxd3 33. Rxg4 Ra3 34. h4 Rxa4 35. h5 Rxb4 36. Rg6
Re7 37. h6 Kb7 38. Rg7 Re6 39. h7 Rh6 40. Rff7 b5 41. c5 Rb1+
42. Kg2 Rb2+ 43. Kf3 Rb3+ 44. Kg4 Rb4+ 45. Kg5 1-0

[Event "PRO Chess League (Atlantic)"]
[Site "chess.com INT"]
[Date "2017.01.11"]
[EventDate "2017.01.11"]
[Round "1"]
[Result "1-0"]
[White "Leinier Dominguez Perez"]
[Black "Alonso Zapata"]
[WhiteElo "2739"]
[BlackElo "2418"]
[PlyCount "83"]

1. e4 c5 2. Nf3 e6 3. d4 cxd4 4. Nxd4 Nc6 5. Nc3 Qc7 6. Qd3 a6
7. Nxc6 Qxc6 8. Qg3 b5 9. Bd3 Bb7 10. a3 d6 11. O-O Nf6
12. Re1 Rc8 13. Bd2 g6 14. a4 bxa4 15. Rxa4 Nd7 16. Rc4 Qxc4
17. Bxc4 Rxc4 18. Bf4 e5 19. Bd2 Bg7 20. b3 Rc8 21. Qd3 O-O
22. Qxd6 Nc5 23. Qb6 Rc6 24. Qb4 Rfc8 25. Nd5 Bf8 26. Qa5 Ne6
27. Bb4 Rxc2 28. Bxf8 Bxd5 29. exd5 Nxf8 30. Qxa6 R8c3 31. h3
Rxb3 32. Rxe5 Rb1+ 33. Kh2 Rbb2 34. Re8 Rxf2 35. Qd6 Rxg2+
36. Kh1 Rh2+ 37. Kg1 Rhg2+ 38. Kf1 Rbf2+ 39. Ke1 Kg7 40. Qxf8+
Kf6 41. Qd6+ Kg7 42. Qe5+ 1-0

[Event "PRO Chess League (Atlantic)"]
[Site "chess.com INT"]
[Date "2017.01.11"]
[EventDate "2017.01.11"]
[Round "1"]
[Result "1-0"]
[White "Leinier Dominguez Perez"]
[Black "Kazim Gulamali"]
[WhiteElo "2739"]
[BlackElo "2341"]
[PlyCount "59"]

1. e4 c5 2. Nf3 d6 3. d4 cxd4 4. Nxd4 Nf6 5. Nc3 a6 6. Bg5
Nbd7 7. Bc4 Qb6 8. Bb3 e6 9. Qd2 Be7 10. O-O-O Nc5 11. Rhe1 h6
12. Bh4 Qc7 13. Bg3 O-O 14. e5 dxe5 15. Bxe5 Qb6 16. Kb1 Bd7
17. Qf4 a5 18. a4 Qb4 19. g4 Bxa4 20. g5 Nh5 21. Qf3 g6
22. Nxa4 Nxb3 23. cxb3 hxg5 24. Nc2 Qb5 25. Nd4 Qb4 26. Re4
Rad8 27. Ka2 f5 28. Ree1 b5 29. Nc6 Rxd1 30. Qxd1 1-0

[Event "PRO Chess League (Atlantic)"]
[Site "chess.com INT"]
[Date "2017.02.01"]
[EventDate "2017.01.11"]
[Round "4"]
[Result "0-1"]
[White "Vincent J Baker"]
[Black "Leinier Dominguez Perez"]
[WhiteElo "1960"]
[BlackElo "2739"]
[PlyCount "66"]

1. e4 e5 2. Nf3 Nc6 3. Bb5 a6 4. Ba4 Nf6 5. Nc3 Be7 6. O-O b5
7. Bb3 d6 8. d3 Na5 9. Nd5 Nxd5 10. Bxd5 c6 11. Bb3 O-O 12. c3
Nxb3 13. Qxb3 Be6 14. Qc2 f5 15. Re1 fxe4 16. dxe4 Bg4 17. Nd2
Bh4 18. g3 Be7 19. c4 Qd7 20. a4 b4 21. c5 d5 22. exd5 Qxd5
23. Ne4 Bf3 24. Re3 b3 25. Qxb3 Bxe4 26. Qxd5+ cxd5 27. b4 a5
28. Bd2 axb4 29. Bxb4 Rfb8 30. Ba3 Rxa4 31. Rc3 Rba8 32. f3
Rxa3 33. Rcxa3 Bxc5+ 0-1